| Tag |
First Indicator |
Second Indicator |
Subfields |
| LEADER |
00000cas a2200000 a 4500 |
| 001 |
in00000242585 |
| 005 |
20230807121033.0 |
| 008 |
760712d19642018pau x b i0 a0eng c |
| 010 |
|
|
|a 64006319
|z sn 79009813
|
| 012 |
|
|
|b 3
|e n
|j 0
|k 1
|l 1
|
| 016 |
7 |
|
|a 0063012
|2 DNLM
|
| 016 |
7 |
|
|a H22840000
|2 DNLM
|
| 016 |
7 |
|
|a 009208165
|2 Uk
|
| 016 |
|
|
|a (AMICUS)000002980420
|
| 019 |
|
|
|a 1752419
|a 5190521
|a 197918035
|a 499516282
|a 1009011718
|a 1035276979
|a 1038155885
|a 1049066964
|a 1066903583
|a 1084833015
|a 1157351333
|
| 022 |
0 |
|
|a 0073-4071
|l 0073-4071
|2 1
|
| 029 |
1 |
|
|a AU@
|b 000002473473
|
| 029 |
1 |
|
|a AU@
|b 000044116735
|
| 029 |
1 |
|
|a AU@
|b 000050756858
|
| 029 |
1 |
|
|a NLGGC
|b 045053952
|
| 029 |
1 |
|
|a NLM
|b 0063012
|
| 029 |
1 |
|
|a NZ1
|b 4632471
|
| 029 |
1 |
|
|a ZWZ
|b 038857200
|
| 029 |
1 |
|
|a NLC
|b 000002980420
|
| 030 |
|
|
|a HUNTAZ
|
| 035 |
|
|
|a (OCoLC)ocm02447473
|
| 035 |
|
|
|a (OCoLC)2447473
|z (OCoLC)1752419
|z (OCoLC)5190521
|z (OCoLC)197918035
|z (OCoLC)499516282
|z (OCoLC)1009011718
|z (OCoLC)1035276979
|z (OCoLC)1038155885
|z (OCoLC)1049066964
|z (OCoLC)1066903583
|z (OCoLC)1084833015
|z (OCoLC)1157351333
|
| 035 |
|
|
|a (OCoLC)ocm02447473
|
| 040 |
|
|
|a QPR
|b eng
|c QPR
|d NSD
|d IUL
|d RCS
|d OCL
|d HUL
|d NST
|d NSD
|d AGL
|d NST
|d AGL
|d IUL
|d SYS
|d NLM
|d OCLCQ
|d DLC
|d NLGGC
|d IUL
|d OCLCQ
|d UKMGB
|d OCLCQ
|d OCLCF
|d EUW
|d OCLCQ
|d NLNAT
|d OCLCO
|d NLC
|d OCLCA
|d OCLCQ
|d CUV
|d JDP
|d OCLCO
|d OCL
|d L2U
|d TXHLS
|d OCLCO
|d HUL
|d DLC
|
| 042 |
|
|
|a nsdp
|a pcc
|
| 050 |
0 |
0 |
|a QK1
|b .H8
|
| 060 |
0 |
0 |
|a Z 5351
|b H947
|
| 070 |
0 |
|
|a 450
|b H92
|
| 072 |
|
0 |
|a F000
|
| 210 |
0 |
|
|a Huntia
|
| 222 |
|
0 |
|a Huntia
|
| 245 |
0 |
0 |
|a Huntia.
|
| 260 |
|
|
|a Pittsburgh, Pa. :
|b Hunt Botanical Library, Carnegie Institute of Technology,
|c ©1964-2018.
|
| 264 |
3 |
1 |
|3 <1979> -2018:
|a Pittsburgh, PA :
|b Hunt Institute for Botanical Documentation, Carnegie Institute of Technology
|
| 300 |
|
|
|a 16 volumes :
|b illustrations ;
|c 26 cm
|
| 310 |
|
|
|a Irregular,
|b 1979-2018
|
| 321 |
|
|
|a Annual,
|b 1964-1965
|
| 336 |
|
|
|a text
|b txt
|2 rdacontent
|
| 337 |
|
|
|a unmediated
|b n
|2 rdamedia
|
| 338 |
|
|
|a volume
|b nc
|2 rdacarrier
|
| 362 |
0 |
|
|a Vol. 1 (15 Apr. 1964)-v. 16, no. 2 (2018). Continues online only.
|
| 515 |
|
|
|a A preprint was issued in 1969.
|
| 515 |
|
|
|a Suspended Oct. 1965-May 1979.
|
| 588 |
|
|
|a Latest issue consulted: Volume 16, Number 2 (2018).
|
| 650 |
|
0 |
|a Botanical literature
|v Periodicals.
|
| 650 |
|
7 |
|a 42.40 botany: general.
|0 (NL-LeOCL)077603206
|2 bcl
|
| 650 |
|
7 |
|a Botanical literature.
|2 fast
|0 (OCoLC)fst00836850
|
| 650 |
1 |
7 |
|a Plantkunde.
|2 gtt
|
| 650 |
1 |
7 |
|a Tuinbouw.
|2 gtt
|
| 650 |
|
2 |
|a Botany.
|
| 655 |
|
7 |
|a Bibliographies.
|2 fast
|0 (OCoLC)fst01919895
|
| 655 |
|
7 |
|a Periodicals.
|2 fast
|0 (OCoLC)fst01411641
|
| 655 |
|
7 |
|a Yearbook.
|2 gtlm
|
| 655 |
|
7 |
|a Bibliographies (form)
|0 (NL-LeOCL)088141659
|2 gtt
|
| 655 |
|
7 |
|a Periodicals.
|2 lcgft
|
| 655 |
|
7 |
|a Bibliographies.
|2 lcgft
|
| 655 |
|
7 |
|a Periodicals.
|2 rbgenr
|
| 655 |
|
2 |
|a Bibliography.
|
| 710 |
2 |
|
|a Hunt Institute for Botanical Documentation.
|
| 710 |
2 |
|
|a Hunt Botanical Library.
|
| 776 |
0 |
8 |
|i Continued online:
|t Huntia
|x 2766-4155
|w (DLC) 2020221639
|w (OCoLC)761964644
|
| 856 |
4 |
1 |
|u http://huntbotanical.org/publications/type.php?2
|t 0
|
| 850 |
|
|
|a CSt
|a DLC
|a DNAL
|a DeU
|a IU
|a MH-A
|a MH-HP
|a MdU
|a MoKL
|a TxDaM
|a TxLT
|a ViBlbV
|
| 891 |
2 |
0 |
|9 853
|8 1
|a v.
|b no.
|i (year)
|
| 891 |
4 |
1 |
|9 863
|8 1.1
|a 1-
|i 1964-
|
| 948 |
|
|
|h HELD BY TXA - 193 OTHER HOLDINGS
|
| 994 |
|
|
|a Z0
|b TXA
|
| 999 |
f |
f |
|s 9aed2032-edd5-3b71-ad57-74268e33f7a8
|i 7ca17627-77ce-35a1-b86a-635031aa484b
|t 0
|
| 952 |
f |
f |
|a Texas A&M University
|b Rellis Campus
|c Joint Library Facility
|d Remote Storage
|e QK1 .H8
|h Library of Congress classification
|i unmediated -- volume
|k v.1
|l 1964
|m A14842026800
|p ric
|s JLF
|t 0
|
| 952 |
f |
f |
|a Texas A&M University
|b Rellis Campus
|c Joint Library Facility
|d Remote Storage
|e QK1 .H8
|h Library of Congress classification
|i unmediated -- volume
|k v.2
|l 1965
|m A14842026818
|p ric
|s JLF
|t 0
|